Únik mozgov v krajinách EÚ a OECD a jeho ekonomické súvislosti
Vývoj a intenzita migrácie vysokoškolských ľudí v krajinách EÚ a OECD. Faktory vedúce k prvej migrácii a trvalej migrácii.
Enregistré dans:
| Auteur principal: | |
|---|---|
| Autres auteurs: | |
| Format: | Chapitre de livre |
| Langue: | slovaque |
| Sujets: | |
| Tags: |
Pas de tags, Soyez le premier à ajouter un tag!
|
MARC
| LEADER | 00000naa a2200000 4500 | ||
|---|---|---|---|
| 001 | 0227020 | ||
| 005 | 20221019173049.9 | ||
| 041 | 0 | |a slo | |
| 044 | |a SK | ||
| 245 | 1 | 0 | |a Únik mozgov v krajinách EÚ a OECD a jeho ekonomické súvislosti |c Ján Huňady, Marta Orviská |
| 520 | |a Vývoj a intenzita migrácie vysokoškolských ľudí v krajinách EÚ a OECD. Faktory vedúce k prvej migrácii a trvalej migrácii. | ||
| 610 | 2 | 0 | |a únik mozgov |
| 610 | 2 | 0 | |a Európska únia |
| 610 | 2 | 0 | |a OECD |
| 610 | 2 | 0 | |a vzdelanie vysokoškolské |
| 610 | 2 | 0 | |a migrácia |
| 100 | 1 | |a Huňady, Ján | |
| 700 | 1 | |a Orviská, Marta | |